STPC2005 (Record no. 114743)

MARC details
000 -LEADER
fixed length control field 00730cam a22002295a 4500
001 - CONTROL NUMBER
control field L157384
008 - FIXED-LENGTH DATA ELEMENTS--GENERAL INFORMATION
fixed length control field 121120s2010 xxk f 000 0 eng d
020 ## - INTERNATIONAL STANDARD BOOK NUMBER
International Standard Book Number 9781901171361
035 ## - SYSTEM CONTROL NUMBER
System control number (Sirsi) u157384
041 0# - LANGUAGE CODE
Language code of text/sound track or separate title eng
050 04 - LIBRARY OF CONGRESS CALL NUMBER
Classification number 692.8 $2 18
110 2# - MAIN ENTRY--CORPORATE NAME
Corporate name or jurisdiction name as entry element Association of Consultant Architects
9 (RLIN) 1156
245 00 - TITLE STATEMENT
Title STPC2005
Remainder of title ACA standard form of specialist contract for term partnering, issued 2010
260 ## - PUBLICATION, DISTRIBUTION, ETC.
Place of publication, distribution, etc. Bromley
Name of publisher, distributor, etc. ACA
Date of publication, distribution, etc. 2010
300 ## - PHYSICAL DESCRIPTION
Extent vi, 22p.
Dimensions 30cm.
520 ## - SUMMARY, ETC.
Summary, etc. A standard form of term partnering contract for the procurement of term works and services.
590 ## - LOCAL NOTE (RLIN)
Local note KA
651 #4 - SUBJECT ADDED ENTRY--GEOGRAPHIC NAME
Geographic name England and Wales
Chronological subdivision 1543-
690 ## - LOCAL SUBJECT ADDED ENTRY--TOPICAL TERM (OCLC, RLIN)
Topical term or geographic name as entry element Contracts
9 (RLIN) 6232
690 ## - LOCAL SUBJECT ADDED ENTRY--TOPICAL TERM (OCLC, RLIN)
Topical term or geographic name as entry element Construction management
9 (RLIN) 6230
942 ## - ADDED ENTRY ELEMENTS (KOHA)
Suppress in OPAC 0
Holdings
Withdrawn status Lost status Source of classification or shelving scheme Damaged status Not for loan Home library Current library Shelving location Date acquired Total Checkouts Full call number Barcode Date last seen Copy number Price effective from Koha item type
    Dewey Decimal Classification     London London Folio 20/11/2012   F692.8 ASS 30078036 06/08/2019 1 06/08/2019 Book